Score 0/30 Timer 04:00
0 Plays Today
Can you choose which city... Kansas City (K) / St. Louis (S) % Correct
was named after a French king???
91.4%
is home to the Gateway Arch???
91%
is located at the Kansas-Missouri river confluence???
88.7%
has hosted the Summer Olympics (1904)???
88.2%
hosts the headquarter of Anheuser-Busch???
88.2%
is nicknamed 'The Gateway to the West'???
87.8%
has the state's only NHL team???
87.3%
had a NFL team relocate from and then return to L.A.???
86.4%
has won more MLB championships (11-2)???
86%
contains the Kauffman Center for the Performing Arts???
84.2%
is well known for its barbecue style???
82.4%
has a distinct style of pizza named after it???
81.4%
is well known for having numerous (>200) fountains???
80.5%
is located by the Missouri-Mississippi river confluence???
80.5%
hosts the headquarters of Hallmark and Hostess???
79.2%
Can you choose which city... Kansas City (K) / St. Louis (S) % Correct
has a shopping district known as Country Club Plaza???
78.7%
whose metro area President Truman was born in???
78.3%
hosts the Negro Leagues Baseball Museum???
76.5%
was where the Lewis and Clark Expedition started???
75.6%
has the Liberty Memorial (a WWI memorial)???
74.7%
has a city of the exact same name in its metro area???
74.7%
is the most populous city in Missouri???
74.2%
contains the Missouri Botanical Garden???
73.8%
is called the 'Heart of America' and 'Paris of the Plains'???
73.3%
was the site of a battle during the American Revolution???
70.6%
has the largest Bosnian population outside of Bosnia???
68.8%
was the birthplace of poet T.S. Eliot???
65.6%
was where Walt Disney had his first animation studio???
61.1%
has hosted the US Chess Championships (since 2009)???
60.6%
first introduced the concept of McDonald's Happy Meal???
56.6%
Remove Ads.
Support Sporcle.
Get the best of Sporcle when you Go Orange. This ad-free experience offers more features, more stats, and more fun while also helping to support Sporcle. Thank you for becoming a member.

You're not logged in!

Compare scores with friends on all Sporcle quizzes.
OR
Log In

Sporcle TV

Today on Sporcle TV


Watch our educational content, quiz creation guides, and fun videos on Sporcle TV.

Show Comments

Extras

Top Quizzes Today


Score Distribution

Paid Content

Your Account Isn't Verified!

In order to create a playlist on Sporcle, you need to verify the email address you used during registration. Go to your Sporcle Settings to finish the process.

Report this User

Report this user for behavior that violates our Community Guidelines.

Details: